书目信息 |
| 题名: |
Excel在数据管理与分析中的应用
|
|
| 作者: | 杜茂康 编著 | |
| 分册: | ||
| 出版信息: | 北京 清华大学出版社 2005.3 |
|
| 页数: | XV,400页 | |
| 开本: | 26cm | |
| 丛书名: | ||
| 单 册: | ||
| 中图分类: | TP391.13-43 | |
| 科图分类: | ||
| 主题词: | 电子表格系统--dian zi biao ge xi tong | |
| 电子资源: | ||
| ISBN: | 7-302-10400-X | |
| 000 | 01195nam0 2200325 450 | |
| 000 | 01219nam0 2200325 450 | |
| 000 | 01182nam0 2200313 450 | |
| 000 | 01139nam0 2200301 450 | |
| 000 | 01128nam0 2200301 450 | |
| 000 | 01091nam0 2200289 45 | |
| 001 | 012005000000 | |
| 005 | 20080303144427.35 | |
| 010 | @a7-302-10400-X@dCNY35.00 | |
| 100 | @a20050608d2005 em y0chiy0121 ea | |
| 101 | 0 | @achi |
| 102 | @aCN@b110000 | |
| 105 | @ay z 000yy | |
| 200 | 1 | @aExcel在数据管理与分析中的应用@AExcel zai shu ju guan li yu fen xi zhong de ying yong@f杜茂康编著 |
| 210 | @a北京@c清华大学出版社@d2005.3 | |
| 215 | @aXV,400页@d26cm | |
| 300 | @a高等学校教材·计算机应用 | |
| 320 | @a有书目 | |
| 330 | @a本书较全面地介绍了Excel在数据管理和数据分析方面的功能,主要内容包括Excel工作表数据的输入、查看、分类、汇总、排序、查找、审核、透视及打印,数据、单元格及工作表的格式化,公式与函数,图表分析,变理求解等。 | |
| 333 | @a阅读对象:高等学校工商管理相关专业学生、办公人员等 | |
| 606 | 0 | @a电子表格系统@Adian zi biao ge xi tong |
| 610 | 0 | @aExcel |
| 690 | @aTP391.13-43@v4 | |
| 701 | 0 | @a杜茂康@Adu mao kang@4编著 |
| 801 | 0 | @aCN@bSRXX@c20080303 |
| 905 | @a10447@dTP391.13-43@eD830 | |
| Excel在数据管理与分析中的应用/杜茂康编著.-北京:清华大学出版社,2005.3 |
| XV,400页;26cm |
| 高等学校教材·计算机应用.-使用对象:阅读对象:高等学校工商管理相关专业学生、办公人员等 |
| ISBN 7-302-10400-X:CNY35.00 |
| 本书较全面地介绍了Excel在数据管理和数据分析方面的功能,主要内容包括Excel工作表数据的输入、查看、分类、汇总、排序、查找、审核、透视及打印,数据、单元格及工作表的格式化,公式与函数,图表分析,变理求解等。 |
| ● |
| 相关链接 |
|
|
|
正题名:Excel在数据管理与分析中的应用
索取号:TP391.13-43/D830
 
预约/预借
| 序号 | 登录号 | 条形码 | 馆藏地/架位号 | 状态 | 备注 |
| 1 | 479289 | 204792894 | 期刊室512/ [索取号:TP391.13-43/D830] | 在馆 | |
| 2 | 548588 | 205485884 | 自科库301/301自科库 65排3列2层/ [索取号:TP391.13-43/D830] | 在馆 | |
| 3 | 548589 | 205485893 | 自科库301/301自科库 65排3列2层/ [索取号:TP391.13-43/D830] | 在馆 | |
| 4 | 548590 | 205485900 | 自科二线404/301自科库 61排7列1层/ [索取号:TP391.13-43/D830] | 在馆 |